00395 a2200121 4500001001000000005001700010008004100027245006200068100002100130700002000151700003400171773006800205ART_4461620260410162006.0260409a 10aLas obligaciones de dar cosa cierta y los derechos reales1 aTanzi, Silvia Y.1 aCorna, Pablo M.1 aFossaceca, Carlos Alberto (h)0 tTemas de derecho civilg- Año 3, Nº 11 (nov. 2017)wREV34778